000 01020cam a22003011 4500
001 1379
005 20230822162851.0
008 751204s1949 ilua j 000 1 eng
040 _aDLC
_cWa
_dDLC
_dOCoLC
_dDLC
_beng
050 0 0 _aPZ7.W244
_bSu
082 _aFic
100 1 _aWarner, Gertrude Chandler,
_d1890-1979.
245 1 0 _aSurprise Island;
_cillustrated by Mary Gehr.
260 _aNiles :
_bAlbert Whitman & Company
_c1977
300 _a178 pages
_billustrations
_c22 cm.
490 _aThe boxcar children
500 _aSequel to The boxcar children.
505 _aK
520 _aSummer vacation on an almost private island gives the Aldens a challenge.
521 _a610
_bLexile
521 _aK
_bRaz-Plus
650 0 _aBoxcar children (Fictitious characters)
_vJuvenile fiction.
650 0 _aOrphans
_vJuvenile fiction.
650 0 _aFamilies
_vJuvenile fiction.
655 7 _aDetective and mystery stories.
_2gsafd
906 _a7
_bcbc
_corignew
_du
_eocip
_f19
_gy-gencatlg
942 _2ddc
_cBK
_n0
999 _c1379
_d1379